Haut-Rhin - mort subite - Statistiques

Statistiques générales
  • Ce quiz a été pris 30 fois
  • Le résultat moyen est 10 sur 18
Answers on the Grid
Answers color-coded by a green-red scale on the quiz's grid according to % correct below.
Constance
Strasbourg
Mülheim
Colmar
Zahedan
Augstenberg
Le Grand Canal d'Alsace
Hégenheim
Le tripoint France-Suisse-Allemagne
Fribourg
Hamm
Mulhouse
Le site du bataille du Vieil-Armand
EuroAirport
Padang
Wittenheim
Guebwiller
Altkirch
Namangan
Illzach
Saint-Louis
Thann
Netanya
Pforzheim
Cernay
Sandakan
Sargodha
Huningue
Rixheim
Salzgitter
Alphen-sur-le-Rhin
Taganrog
Villach
Mooslargue
Erlangen
Le site de la bataille de Jebsheim
 
Statistiques - réponses
Réponse % Correct
Colmar
83%
Guebwiller
71%
Le tripoint France-Suisse-Allemagne
71%
Mulhouse
67%
Le Grand Canal d'Alsace
63%
Banlieue de Bâle Saint-Louis
63%
Cernay
58%
EuroAirport
58%
Thann
58%
Altkirch
54%
Illzach
50%
1914 & 15 (Battle of Hartmannswillerkopf) Le site du bataille du Vieil-Armand
50%
Wittenheim
50%
Banlieue de Bâle Huningue
46%
Rixheim
46%
1945 Le site de la bataille de Jebsheim
38%
Banlieue de Bâle Hégenheim
33%
Mooslargue
29%
Aucun quiz correspondant
Distribution des résultats
% des personnes avec chaque résultat
Percentile par nombre de réponses
Votre historique - résultats
Vous n’avez pas pris ce quiz